La caída del águila

Gespeichert in:
Bibliographische Detailangaben
1. Verfasser: Gagini, Carlos
Format: Buch
Sprache:Undetermined
Veröffentlicht: San José, Costa Rica Editorial Costa Rica 1984
Schlagworte:
Tags: Tag hinzufügen
Keine Tags, Fügen Sie den ersten Tag hinzu!

MARC

LEADER 00000nam a2200000Ia 4500
008 170316s9999 xx 000 0 und d
040 |a cru BVZT 
090 |a 868 G-1ca 
100 |a Gagini, Carlos 
245 |a La caída del águila 
260 |a San José, Costa Rica 
260 |b Editorial Costa Rica 
260 |c 1984 
300 |a 161 páginas 
650 |a LITERATURA COSTARRICENSE 
650 |a NOVELA COSTARRICENSE 
999 |c 11099  |d 11099 
942 |c 15 D  |h 868 G-1ca  |2 z